| 000 | 00665nam a2200169 a 4500 | ||
|---|---|---|---|
| 008 | 120416s0000 ||||||||||||||||| || u | ||
| 020 | _a0831110643 | ||
| 050 | _aTJ 840 Ste | ||
| 100 | _aStewart, Harry L | ||
| 245 | 1 | 0 | _aHydraulics and pneumatic power for production |
| 246 | _ahow air and oil equipment can be applied to the manual and automatic operation of production machine | ||
| 250 | _a3rd ed. | ||
| 260 |
_aNew York _bIndustrial Press _c1970 |
||
| 300 | _aVarying paginations | ||
| 350 | _a0.00 | ||
| 995 |
_D0.00 _FCBU-MAIN LIBRARY (Kitwe) _H1 _I5.90 _M1 _UAVAILABLE _ZMain Library Open Access Collection |
||
| 999 |
_c46050 _d46050 |
||